| 000 | 00952cab a22002415a 4500 | ||
|---|---|---|---|
| 001 | L159953 | ||
| 008 | 150113e2016 xxk 000 0 eng d | ||
| 035 | _a(Sirsi) u159953 | ||
| 041 | 0 | _aeng | |
| 050 | _a333.72 $2 18 | ||
| 100 | 1 | _aLown, Mat | |
| 245 | 0 | 0 |
_aAll about MEES _h[electronic resource] |
| 260 |
_aLondon _bRICS _c2016 |
||
| 490 |
_aRICS Building Surveying Journal _vDecember 2016 - January 2017, 6-7(2) |
||
| 520 | _aEncourages landlords to do more than addressing the theoretical energy performance of properties in responding to the Energy Efficiency Regulations. | ||
| 650 | 2 | 4 | _aENERGY EFFICIENCY STANDARDS |
| 650 | 2 | 4 | _aMINIMUM ENERGY EFFICIENCY STANDARD |
| 650 | 2 | 4 | _aCLIMATE CHANGE ACT 2008 |
| 651 | 4 |
_aUnited Kingdom _y |
|
| 690 |
_aSustainability _96271 |
||
| 856 | 4 | 0 |
_uhttps://www.rics.org/Global/Building_Surveying_Journal_December_2016_January_2017.pdf _zView the article free of charge at www.rics.org... |
| 942 | _n0 | ||
| 999 |
_c85077 _d85077 |
||